Statistics for How much do you know about the XWP World Heavyweight Title

Click here to take the quiz!

General Stats

  • This quiz has been taken 12 times
  • The average score is 10 of 12

Answer Stats

QuestionAnswer% Correct
Who was the first ever XWP World Heavyweight Champion?Brett Storm
100%
Who was first eliminated in the Unforgiven Fatal 4 Way Match for the World Title?Duncan Cunner
100%
Who has the shortest XWP World Heavyweight Championship reign?Lula
100%
What was the World Heavyweight Championship match at Destruction S02?Mahadi Khan (c) vs Brett Storm
100%
Brett Storm vs Max Mercury at Summerslam S01 for the World Heavyweight Championship was what type of match?No Holds Barred
100%
How many different World Heavyweight Champions were there in Season 1?5
75%
Name the two people to head into a WrestleMania as World Heavyweight Champion?Mario Sanchez & Mahadi Khan
75%
Who is the only CAW to win the World Heavyweight Championship on Smackdown?Matteo
75%
At what CPV did Lula win the World Heavyweight Championship?Outlaw
75%
How many times has the XWP World Heavyweight Championship changed hands overall?12
50%
What CPV did Max Mercury win the XWP World Heavyweight Championship?Summerslam
50%
Brett Storm has won the XWP World Heavyweight Championship Three Times. In which CPV was his Second World Title Win?Summerslam S02
50%

Score Distribution

Percentile by Number Answered

Percent of People with Each Score

Your Score History

You have not taken this quiz